• D'Avena A., Marchesi A., Manera A., Barone P., Pellai A., Sedile A., Amoroso C.,

di Personal Name

Records bibliografici associati: 1

001 - CONTROL NUMBER

  • control field: 61198

003 - CONTROL NUMBER IDENTIFIER

  • control field:

005 - DATE AND TIME OF LATEST TRANSACTION

  • control field: 20241216110006.0

008 - FIXED-LENGTH DATA ELEMENTS

  • fixed length control field: 241216|| aca||aabn | a|a d

040 ## - CATALOGING SOURCE

  • Original cataloging agency:
  • Transcribing agency:

100 ## - HEADING--PERSONAL NAME

  • Personal name: D'Avena A., Marchesi A., Manera A., Barone P., Pellai A., Sedile A., Amoroso C.,
  • Personal name: Facci M., La Capria C., Voltolin A., Scheriani D., Gramigna A

670 ## - SOURCE DATA FOUND

  • Source citation: Work cat.: ()237441: Laffi Stefano (et. al.) 61197, Adolescenti, 2014
CREDITS: SOCIETA' SAN PAOLO Via A.Severo, 58 - ROMA (RM) & PERIODICI SAN PAOLO SRL Via Giotto, 36 MILANO & CISF Via Giotto, 36 MILANO & EDIZIONI SAN PAOLO SRL,  Piazza Soncino, 5 CINISELLO BALSAMO (MI) -- ITALY